000 00286nam a22001337a 4500
008 180919b xxu||||| |||| 00| 0 eng d
020 _a9780199298198
041 _aeng
080 _a61
100 _a3
101 _aSHM
245 _aTourette Syndrome
_cRobertson,M
942 _2udc
_cBK
999 _c48048
_d48048